000 00497nam a2200169 i 4500
001 93153
003 ES-MaACL
005 20230906181132.0
007 t|
008 050408q1900 fr ||||1| spa d
100 1 _aLombard, Jean.
_973181
245 1 0 _aBizancio /
_cJean Lombard; versión castellana de Miguel Toro y Gómez.
260 _aEvreux :
_bCh. Herissey,
_c190?]
300 _aVIII, 388 p. :
_bil. ;
_c18 cm.
700 1 _aToro y Gómez, Miguel de.
_9110692
852 _aES-MaACL
_jD-1462
999 _c93153
_d93153